Czynniki przeobrazen strukturalnych w organizacjach gospodarczych

Salvato in:
Dettagli Bibliografici
Autore principale: Majchrzak, Jadwiga
Natura: Libro
Lingua:polacco
Pubblicazione: Poznan Akademia Ekon. 1987
Edizione:1. wyd.
Serie:Zeszyty naukowe - Seria 2 Zeszyt 97
Tags: Aggiungi Tag
Nessun Tag, puoi essere il primo ad aggiungerne!!

MARC

LEADER 00000nam a2200000 4500
001 c032849
005 20221219123226.1
041 0 |a pol 
044 |a PL 
245 1 0 |a Czynniki przeobrazen strukturalnych w organizacjach gospodarczych  |c Jadwiga Majchrzak 
250 |a 1. wyd. 
264 1 |a Poznan  |b Akademia Ekon.  |c 1987 
300 |a 234 s. 
490 1 |a Zeszyty naukowe - Seria 2  |v Zeszyt 97 
830 0 |a Zeszyty naukowe - Seria 2  |v Zeszyt 97 
100 1 |a Majchrzak, Jadwiga